<?xml version="1.0" encoding="UTF-8"?>
<record
    xmlns:xsi="http://www.w3.org/2001/XMLSchema-instance"
    xsi:schemaLocation="http://www.loc.gov/MARC21/slim http://www.loc.gov/standards/marcxml/schema/MARC21slim.xsd"
    xmlns="http://www.loc.gov/MARC21/slim">

  <leader>00406nam a2200157Ia 4500</leader>
  <controlfield tag="008">230314s9999    xx            000 0 und d</controlfield>
  <datafield tag="020" ind1=" " ind2=" ">
    <subfield code="a">978-81-225-0732-4</subfield>
  </datafield>
  <datafield tag="041" ind1=" " ind2=" ">
    <subfield code="a">eng</subfield>
  </datafield>
  <datafield tag="082" ind1=" " ind2=" ">
    <subfield code="a">SO/301/BHU/B08574</subfield>
  </datafield>
  <datafield tag="100" ind1=" " ind2=" ">
    <subfield code="a">Bhushan Vidya &amp; Sachdeva</subfield>
    <subfield code="9">179939</subfield>
  </datafield>
  <datafield tag="245" ind1=" " ind2=" ">
    <subfield code="a">Introduction to Sociology</subfield>
  </datafield>
  <datafield tag="260" ind1=" " ind2=" ">
    <subfield code="b">Kitab Mahal</subfield>
    <subfield code="a">Allahabad</subfield>
    <subfield code="c">2014</subfield>
  </datafield>
  <datafield tag="300" ind1=" " ind2=" ">
    <subfield code="a">552</subfield>
  </datafield>
  <datafield tag="906" ind1=" " ind2=" ">
    <subfield code="b">02</subfield>
  </datafield>
  <datafield tag="999" ind1=" " ind2=" ">
    <subfield code="c">142040</subfield>
    <subfield code="d">142040</subfield>
  </datafield>
  <datafield tag="952" ind1=" " ind2=" ">
    <subfield code="0">0</subfield>
    <subfield code="1">0</subfield>
    <subfield code="4">0</subfield>
    <subfield code="7">0</subfield>
    <subfield code="8">SO</subfield>
    <subfield code="a">BTIN</subfield>
    <subfield code="b">BTIN</subfield>
    <subfield code="d">2017-03-30</subfield>
    <subfield code="e">Samutkarsh</subfield>
    <subfield code="g">470.00</subfield>
    <subfield code="i">1435</subfield>
    <subfield code="l">3</subfield>
    <subfield code="m">1</subfield>
    <subfield code="o">SO 301 BHU B08576</subfield>
    <subfield code="p">BTIN-BK-8576</subfield>
    <subfield code="r">2024-04-24 00:00:00</subfield>
    <subfield code="s">2024-04-19</subfield>
    <subfield code="v">343.10</subfield>
    <subfield code="w">2017-03-30</subfield>
    <subfield code="y">BK</subfield>
    <subfield code="z">B08576</subfield>
  </datafield>
  <datafield tag="952" ind1=" " ind2=" ">
    <subfield code="0">0</subfield>
    <subfield code="1">0</subfield>
    <subfield code="4">0</subfield>
    <subfield code="7">0</subfield>
    <subfield code="8">SO</subfield>
    <subfield code="a">BTIN</subfield>
    <subfield code="b">BTIN</subfield>
    <subfield code="d">2017-03-30</subfield>
    <subfield code="e">Samutkarsh</subfield>
    <subfield code="g">470.00</subfield>
    <subfield code="i">1435</subfield>
    <subfield code="l">13</subfield>
    <subfield code="m">3</subfield>
    <subfield code="o">SO 301 BHU B08578</subfield>
    <subfield code="p">BTIN-BK-8578</subfield>
    <subfield code="r">2025-06-16 00:00:00</subfield>
    <subfield code="s">2025-05-20</subfield>
    <subfield code="v">343.10</subfield>
    <subfield code="w">2017-03-30</subfield>
    <subfield code="y">BK</subfield>
    <subfield code="z">B08578</subfield>
  </datafield>
</record>
